| Tag |
First Indicator |
Second Indicator |
Subfields |
| LEADER |
00000cam a22000004a 4500 |
| 001 |
in00002178513 |
| 005 |
20151104054006.0 |
| 008 |
050531s2006 nyu b s001 0 eng |
| 010 |
|
|
|a 2005015756
|
| 020 |
|
|
|a 0791467198 (hardcover : alk. paper)
|
| 020 |
|
|
|a 0791467201 (pbk. : alk. paper)
|
| 024 |
3 |
|
|a 9780791467190
|
| 024 |
3 |
|
|a 9780791467206
|
| 035 |
|
|
|a (OCoLC)ocm60550483
|
| 040 |
|
|
|a DLC
|c DLC
|d TXA
|d UtOrBLW
|
| 042 |
|
|
|a pcc
|
| 043 |
|
|
|a n-us---
|
| 049 |
|
|
|a TXAM
|
| 050 |
0 |
0 |
|a RJ216
|b .B67 2006
|
| 082 |
0 |
0 |
|a 363.7
|2 22
|
| 100 |
1 |
|
|a Boswell-Penc, Maia,
|d 1964-
|
| 245 |
1 |
0 |
|a Tainted milk :
|b breastmilk, feminisms, and the politics of environmental degradation /
|c Maia Boswell-Penc.
|
| 264 |
|
1 |
|a Albany :
|b State University of New York Press,
|c [2006]
|
| 264 |
|
4 |
|c ©2006
|
| 300 |
|
|
|a xii, 212 pages ;
|c 24 cm.
|
| 336 |
|
|
|a text
|b txt
|2 rdacontent
|
| 337 |
|
|
|a unmediated
|b n
|2 rdamedia
|
| 338 |
|
|
|a volume
|b nc
|2 rdacarrier
|
| 504 |
|
|
|a Includes bibliographical references (pages 189-207) and index.
|
| 650 |
|
0 |
|a Breastfeeding
|x Health aspects
|z United States
|x History.
|
| 650 |
|
0 |
|a Breast milk
|x Contamination
|z United States
|x History.
|
| 650 |
|
0 |
|a Infants
|x Nutrition
|z United States
|x History.
|
| 650 |
|
0 |
|a Food contamination
|x Environmental aspects.
|
| 650 |
|
0 |
|a Environmental degradation
|x Health aspects.
|
| 650 |
|
0 |
|a Pollution
|x Health aspects.
|
| 856 |
4 |
1 |
|3 Table of contents
|u http://www.loc.gov/catdir/toc/ecip0513/2005015756.html
|t 0
|
| 948 |
|
|
|a cataloged
|b h
|c 2006/6/14
|d c
|e dmitchel
|f 10:20:30 am
|
| 994 |
|
|
|a C0
|b TXA
|
| 999 |
|
|
|a MARS
|
| 999 |
f |
f |
|s e2284a87-cbbb-3995-b3ec-68ac09281777
|i f54f7f28-3c5c-3db9-9642-d22e3dd67fc1
|t 0
|
| 952 |
f |
f |
|p normal
|a Texas A&M University
|b College Station
|c Sterling C. Evans Library
|s Evans stk
|d Evans: Library Stacks
|t 0
|e RJ216 .B67 2006
|h Library of Congress classification
|i unmediated -- volume
|m A14834120122
|
| 998 |
f |
f |
|a RJ216 .B67 2006
|t 0
|l Evans: Library Stacks
|